Evangelical Baptist convention Vangai division : (Record no. 11103)

MARC details
000 -LEADER
fixed length control field 00507nam a22001577a 4500
003 - CONTROL NUMBER IDENTIFIER
control field GBCCL
005 - DATE AND TIME OF LATEST TRANSACTION
control field 20251209143133.0
008 - FIXED-LENGTH DATA ELEMENTS--GENERAL INFORMATION
fixed length control field 251209b |||||||| |||| 00| 0 eng d
040 ## - CATALOGING SOURCE
Transcribing agency GBC
082 ## - DEWEY DECIMAL CLASSIFICATION NUMBER
Classification number SOU VAN
Item number 2025
245 ## - TITLE STATEMENT
Title Evangelical Baptist convention Vangai division :
Remainder of title golden jubilee souvenir 1975-2025, 50 years of God's faithfulness
260 ## - PUBLICATION, DISTRIBUTION, ETC.
Place of publication, distribution, etc. Vangai :
Name of publisher, distributor, etc. EBC Vangai division,
Date of publication, distribution, etc. 2025
300 ## - PHYSICAL DESCRIPTION
Extent 126p ;
650 ## - SUBJECT ADDED ENTRY--TOPICAL TERM
Topical term or geographic name entry element Souvenir
Form subdivision Evangelical Baptist convention
Geographic subdivision Vangai
942 ## - ADDED ENTRY ELEMENTS (KOHA)
Source of classification or shelving scheme Dewey Decimal Classification
Koha item type Archives
Suppress in OPAC No
Holdings
Withdrawn status Lost status Source of classification or shelving scheme Damaged status Not for loan Home library Current Library Shelving location Date acquired Total checkouts Full call number Barcode Date last seen Copy number Price effective from Koha item type
    Dewey Decimal Classification     GRACE BIBLE COLLEGE GRACE BIBLE COLLEGE Archives 2025-12-09   SOU VAN 2025 250327 2025-12-09 c.1 2025-12-09 Archives
© Grace Bible College Library 2025